Využití biochemických a imunologických polymorfních znaků k selekci proti stresovému syndromu prasat

Bibliographic Details
Main Authors: Čepica, Stanislav, 1945- (Author), Hojný, Josef (Author), Hradecký, Jan (Author)
Format: Article
Language:Slovak
Czech
PhysicalDescription:Obr. 2. Tb. 2.Res. angl., rus., lit. 70 zázn. v rôz. jaz.
Subjects:

MARC

LEADER 00000nab a2200000 a 4500
001 vtls000334030
003 SK-MaSNL
005 20260304082730.0
008 250424c1988 xo 0 slo
015 |a SNBRB19rr/mm-uuuuu 
035 |a CL0334152 
035 |a urn:nbn:sk:snk-abf1ig 
035 |a (urnnbn)urn:nbn:sk:snk:ar-005llv 
035 |a (uuid)3d6879f9-566b-4e14-9d84-2e32dbf2db49 
040 |a SNKBUCL  |b slo  |c SNKBUCL  |e AACR2 
041 0 |a cze 
044 |a xo  |c SK 
080 |a 636.4.082:591.525  |2 1981 
080 |a 591.525  |2 1981 
100 1 |a Čepica, Stanislav,  |d 1945-  |4 aut  |9 121722 
245 1 0 |a Využití biochemických a imunologických polymorfních znaků k selekci proti stresovému syndromu prasat  |c Stanislav Čepica, Josef Hojný, Jan Hradecký 
300 |b Obr. 2. Tb. 2.Res. angl., rus., lit. 70 zázn. v rôz. jaz. 
650 0 7 |a ošípané  |2 snkbucl  |9 2795 
650 0 7 |a syndrómy stresové  |2 snkbucl  |9 1372311 
655 7 |a články z novín a časopisov  |2 snkbucl  |9 267496 
700 1 |a Hojný, Josef  |4 aut  |9 1372312 
700 1 |a Hradecký, Jan  |4 aut  |9 84345 
773 0 |t Poľnohospodárstvo  |g Roč. 34, č. 8 (1988), s. 773-789 
850 |a Slovenská národná knižnica 
852 |a Slovenská národná knižnica 
954 |a odborná, vedecká literatúra cudzojazyčná (svetová)  |2 lita 
958 |a article27 
958 |a NB 
958 |a RK 
958 |a CZ 
958 |a OND 
958 |a EUIPO 
992 |a RBX 
999 |c 2798024  |d 2799954